[Event "ESP-ch U14 Rapid"]
[Site "Salobrena"]
[Date "2022.07.24"]
[Round "9"]
[White "Gonzalez Rueda, Jose Luis"]
[Black "Cabanas Lopez, Eduardo"]
[Result "0-1"]
[WhiteElo "1526"]
[BlackElo "1322"]
[PlyCount "216"]
[EventDate "2022.07.23"]
[EventType "swiss (rapid)"]
[EventRounds "9"]
[EventCountry "ESP"]
[SourceTitle "EXT 2023"]
[Source "ChessBase"]
[SourceDate "2022.10.05"]
[SourceVersion "1"]
[SourceVersionDate "2022.10.05"]
[SourceQuality "1"]

1. e4 c6 2. Nf3 d5 3. Nc3 Bg4 4. h3 Bh5 5. g4 Bg6 6. exd5 cxd5 7. Bb5+ Nc6 8. Ne5 Qc7 9. Nxg6 hxg6 10. d4 a6 11. Be2 e6 12. Be3 Bd6 13. Qd2 Nf6 14. h4 Bb4 15. a3 Ne4 16. Qd3 Qa5 17. Bd2 Bxc3 18. Bxc3 Nxc3 19. bxc3 Rc8 20. Kd2 Qc7 21. h5 gxh5 22. gxh5 Na5 23. Qf3 Nc4+ 24. Bxc4 Qxc4 25. Rhg1 Rh7 26. h6 gxh6 27. Rab1 b5 28. Qg3 Kd7 29. Rb4 Qc7 30. Qd3 Qf4+ 31. Kd1 Qxf2 32. Rf1 Qg2 33. Rf6 Qg1+ 34. Ke2 Qg2+ 35. Kd1 Qg1+ 36. Rf1 Qg2 37. a4 Rxc3 38. Qxc3 Qxf1+ 39. Kd2 Qf4+ 40. Qe3 Qxe3+ 41. Kxe3 Kc6 42. axb5+ axb5 43. Rb1 Rg7 44. Rh1 Rg3+ 45. Kd2 Rg4 46. Kd3 Rg3+ 47. Kd2 Rg6 48. Kd3 f5 49. Ke3 Kd6 50. Kf4 Rg4+ 51. Ke3 Rg3+ 52. Kd2 Rg6 53. Ke3 Rg2 54. Kd3 Rg3+ 55. Kd2 Rg6 56. Ra1 h5 57. Ra6+ Kc7 58. Ra7+ Kb6 59. Rh7 Rg5 60. Rh6 Rg2+ 61. Kd3 Rg3+ 62. Kd2 Rg2+ 63. Kc3 Rg3+ 64. Kb4 Re3 65. Rxh5 Re4 66. Kc3 Re3+ 67. Kd2 Re4 68. Kd3 Kc6 69. Rh8 Rg4 70. Rc8+ Kd6 71. Rb8 Kc6 72. Ra8 Rg3+ 73. Kd2 Rg2+ 74. Kd3 Rg3+ 75. Kd2 Rg2+ 76. Kc3 Rg3+ 77. Kb4 Rg2 78. Ra6+ Kd7 79. c3 Rb2+ 80. Kc5 Ke7 81. Ra7+ Kf6 82. Kd6 Rb3 83. Re7 Rxc3 84. Rxe6+ Kf7 85. Kxd5 b4 86. Rb6 b3 87. Ke5 Rd3 88. d5 f4 89. Rf6+ Ke7 90. Rxf4 b2 91. Rb4 Rd2 92. Rb7+ Ke8 93. Ke6 Re2+ 94. Kd6 Rh2 95. Rb8+ Kf7 96. Kd7 Rd2 97. d6 Kf6 98. Kc7 Ke6 99. Re8+ Kd5 100. Re1 Rc2+ 101. Kd7 Rc1 102. Re2 b1Q 103. Rd2+ Ke5 104. Ke7 Qh7+ 105. Kd8 Qg8+ 106. Kd7 Qf7+ 107. Kd8 Qf6+ 108. Ke8 Rc8+ 0-1